| 000 | 01009nam a2200313 a 4500 | ||
|---|---|---|---|
| 001 | vtls000183777 | ||
| 003 | NLI | ||
| 005 | 20210602111149.0 | ||
| 008 | 101125s2004 enka 001 0 eng | ||
| 020 |
_a0415328365 : _cPND 65.00 |
||
| 039 | 9 |
_y201011252214 _zVLOAD |
|
| 040 |
_aNLI _beng _cDatasoft 1 _eAACR2 |
||
| 041 | 0 | _aeng | |
| 044 | _aenk | ||
| 082 | 0 | 4 | _a327.09049 |
| 100 | 1 |
_aHarrison, Ewan, _d1973- _9358401 |
|
| 245 | 1 | 4 |
_aThe post-Cold war international system : _bstrategies, institutions and reflexivity / _cEwan Harrison |
| 260 |
_aLondon : _bRoutledge, _c2004 |
||
| 300 |
_axxii, 173 p. : _bill. ; _c25 cm. |
||
| 440 | 4 |
_aThe new international relations _9229142 |
|
| 504 | _aIncludes bibliographical references and index | ||
| 650 | 0 |
_aInternational relations _92696 |
|
| 650 | 0 |
_aWorld politics _y1989- _9194813 |
|
| 887 | _a | ||
| 901 |
_a552230 _b25.01.2006 |
||
| 902 | _aE 327.09049 H 245 | ||
| 942 |
_2ddc _cBKS |
||
| 949 |
_AVIRTUAITEM _D10000 _X100 _6PUR000552230ENG |
||
| 999 |
_aVIRTUA40 _c190253 _d190253 |
||